Problemas humanos en el cambio tecnológico una exposición de casos

Wedi'i Gadw mewn:
Manylion Llyfryddiaeth
Prif Awdur: Spicer, Edward H (Awdur)
Fformat: Llyfr
Iaith:Sbaeneg
Cyhoeddwyd: Ciudad de México Letras 1967
Pynciau:
Tagiau: Ychwanegu Tag
Dim Tagiau, Byddwch y cyntaf i dagio'r cofnod hwn!

MARC

LEADER 00000nam a2200000 a 4500
001 UCU2760
003 CL-VaPUC
008 960426e19670000MX |||||||||||||||||spa|d
082 0 4 |a 303.483  |b SPI  |2 21 
100 0 |a Spicer, Edward H  |e author  |9 359246 
245 1 0 |a Problemas humanos en el cambio tecnológico una exposición de casos 
300 |a 302 p 
942 |c BK 
945 |d 19960426 00:00:00  |a lriquelm 
260 |a Ciudad de México  |b Letras  |c 1967 
650 0 |a Cambio social   |9 256857 
650 0 |a Desarrollo social  |9 264534 
650 0 |a Sociología   |9 255410 
650 0 |a Procesos sociales  |9 337802 
650 7 |a COSTUMBRES  |2 CL-VaPUC  |9 337506 
650 7 |a SITUACION CULTURAL  |2 CL-VaPUC  |9 335857 
650 7 |a HOMBRE  |2 CL-VaPUC  |9 262149 
650 0 |a Antropología   |9 233030 
651 7 |a ARIZONA  |2 CL-VaPUC  |9 323345 
651 0 |a Estados Unidos  |9 255178 
651 7 |a NUEVO MEXICO  |2 CL-VaPUC  |9 359247 
651 0 |a India  |9 267804 
651 0 |a Australia  |9 262077 
651 0 |a Perú  |9 256567 
651 7 |a ALASKA  |2 CL-VaPUC  |9 359248 
651 7 |a ISLAS CAROLINAS  |2 CL-VaPUC  |9 359249 
651 7 |a MICRONESIA  |2 CL-VaPUC  |9 359250 
651 7 |a CANADA  |2 CL-VaPUC  |9 359251 
651 0 |a Japón   |9 260391 
583 |a last modification  |c 19960426 00:00:00  |k Rodrigo Vera 
999 |c 246986  |d 246984 
952 |0 0  |1 0  |4 0  |6 303_483000000000000_SPI_1967  |7 0  |8 A  |9 262399  |a BIBING  |b BIBING  |d 2019-11-19  |i 1643940  |o 303.483 SPI 1967  |p 1643940  |r 2025-01-20  |w 2019-11-19  |y BK  |k CCL 
952 |0 0  |1 0  |4 0  |6 303_483000000000000_SPI_1967  |7 0  |8 A  |9 262400  |a BIBENE  |b BIBENE  |d 2019-11-19  |i 1983997  |o 303.483 SPI 1967  |p 1983997  |r 2025-01-15  |w 2019-11-19  |y BK  |k ICO 
952 |0 0  |1 0  |4 0  |6 303_483000000000000_SPI_1967  |7 0  |8 A  |9 262401  |a BIBENE  |b BIBENE  |d 2019-11-19  |i 1983946  |o 303.483 SPI 1967  |p 1983946  |r 2025-01-15  |w 2019-11-19  |y BK  |k ICO